Statistiques concernant Personnalités nées à Orléans et à Tours

Cliquez ici pour prendre le quiz!

Statistiques générales

  • Ce quiz a été pris 106 fois
  • Le résultat moyen est 3 sur 9

Statistiques - réponses

Année de naissanceFonction / ProfessionRéponse% Correct
1799 (Tours)Ecrivain / Le Père GoriotHonoré de Balzac
70%
1993 (Orléans)Footballeur à l'OM / Champion du monde des moins de 20 ans en 2013Florian Thauvin
60%
1973 (Tours)Journaliste / Sept à huitHarry Roselmack
60%
1971 (Orléans)Ancien président de l'Olympique de MarseilleVincent Labrune
27%
1904 (Orléans)Ministre du Front populaire,tué par la Milice en 1944 / Inspirateur du Festival de CannesJean Zay
20%
1973 (Tours)Chanteuse / Tired of Being Sorry (Laisse le destin l'emporter)Nâdiya
20%
1972 (Tours)Dessinateur / Charlie Hebdo (Pas sur les lieux au moment de l'attentat)Luz
13%
972 (Orléans)Roi de France / Fils d'Hugues CapetRobert II le Pieux
11%
1873 (Orléans)Ecrivain / Militant socialiste et dreyfusardCharles Péguy
9%

Distribution des résultats

Percentile par nombre de réponses

% des personnes avec chaque résultat

Votre développement - résultats

Vous n’avez pas pris ce quiz